Účasť obce a VÚC na sociálnom podnikaní

Pokračovanie z predchádzajúceho čísla. Uvádzanie možností a spôsobov, akými sa môžu obce a VÚC podieľať na sociálnom podnikaní. Obmedzenia sociálnych podnikov pri získavaní podpory z európskych štrukturálnych a investičných fondov. Postavenie starostu, resp. predsedu VÚC ako štatutárneho orgánu soci...

Ausführliche Beschreibung

Gespeichert in:
Bibliographische Detailangaben
1. Verfasser: Siminská, Eva
Format: Buchkapitel
Sprache:Slowakisch
Schlagworte:
Tags: Tag hinzufügen
Keine Tags, Fügen Sie das erste Tag hinzu!

MARC

LEADER 00000naa a2200000 4500
001 0281894
005 20240417075153.1
041 0 |a slo 
044 |a SK 
245 1 0 |a Účasť obce a VÚC na sociálnom podnikaní  |c Eva Siminská 
520 |a Pokračovanie z predchádzajúceho čísla. Uvádzanie možností a spôsobov, akými sa môžu obce a VÚC podieľať na sociálnom podnikaní. Obmedzenia sociálnych podnikov pri získavaní podpory z európskych štrukturálnych a investičných fondov. Postavenie starostu, resp. predsedu VÚC ako štatutárneho orgánu sociálneho podniku. 
610 2 0 |a obce 
610 2 0 |a vyššie územné celky 
610 2 0 |a podnikanie sociálne 
610 2 0 |a podnik sociálny 
610 2 0 |a fondy investičné 
100 1 |a Siminská, Eva